00598pab a2200169 454500008004000000100002100040245010600061260000900167300001400176362001200190650003500202650002700237773003300264909001000297999001700307952010400324180718b1998 xxu||||| |||| 00| 0 eng d aSingh, Gyanendra aAnalytical approach to farm mechanization in India - agricultural machinery development and promotion c1998 ap.279-319 aApr-Jun aAgricultural machinery - India aAgricultural machinery aJournal of Rural Development a39057 c39057d39057 00104070aIIPAbIIPAd2018-07-19hVolume no: 17, Issue no: 2pAR39421r2018-07-19w2018-07-19yAR